banner koha

Uma analise da influencia de variaveis de politica e do clima sobre a oferta de produtos agricolas selecionados no centro-sul do Brasil (Registro n. 34171)

MARC details
000 -LÍDER
campo de controle de tamanho fixo 00995nam a22003017a 4500
001 - NÚMERO DE CONTROLE
campo de controle BR8206482
003 - IDENTIFICADOR DO NÚMERO DE CONTROLE
campo de controle BR-BrBNA
005 - DATA E HORÁRIO DA ÚLTIMA TRANSAÇÃO
campo de controle 20230928091516.0
007 - CAMPO FIXO DE DESCRIÇÃO FÍSICA--INFORMAÇÃO GERAL
campo de controle de tamanho fixo ta
008 - CAMPO DE DADOS FIXOS--INFORMAÇÃO GERAL
campo de controle de tamanho fixo 230509b bl.||||| |||| 00| 0 por d
040 ## - FONTE DA CATALOGAÇÃO
Instituição da catalogação original BR-BrBNA
Idioma da catalogação por
Instituição que transcreveu o registro Biblioteca Nacional de Agricultura
041 ## - CÓDIGO DE IDIOMA
Código do idioma do texto/trilha sonora ou título diferente (Por)
072 ## - CÓDIGO DE CATEGORIA DE ASSUNTO
Código de Categoria de Assunto E10; E30; F10
Código do objeto /G514
090 ## - NÚMERO DE CHAMADA LOCAL
-- E10 BR8206482
100 1# - ENTRADA PRINCIPAL--NOME PESSOAL
Nome pessoal Tunholi, O. de M.
110 1# - ENTRADA PRINCIPAL--NOME CORPORATIVO
Nome corporativo ou nome da jurisdição Escola de Administracao Fazendaria, Brasilia, DF (Brasil)
Grau Universitário Tese (Mestre em Economia)
9 (RLIN) 4292
245 1# - TÍTULO
Título Uma analise da influencia de variaveis de politica e do clima sobre a oferta de produtos agricolas selecionados no centro-sul do Brasil
260 3# - PUBLICAÇÃO, DISTRIBUIÇÃO, ETC.
Local de publicação, distribuição, etc. Brasilia, DF (Brasil):
Data da publicação, distribuição, etc. 1982.
300 ## - DESCRIÇÃO FÍSICA
Extensão 124 p.
500 ## - NOTA GERAL
Nota geral 31 tables; Bibliography p. 99-105 (92 ref.); Summary (Por)
650 ## - ASSUNTO--TERMO TÓPICO
Cabeçalho tópico ou nome geográfico PRODUTO AGRICOLA
650 ## - ASSUNTO--TERMO TÓPICO
Cabeçalho tópico ou nome geográfico POLITICA AGRICOLA
650 ## - ASSUNTO--TERMO TÓPICO
Cabeçalho tópico ou nome geográfico CLIMA
650 ## - ASSUNTO--TERMO TÓPICO
Cabeçalho tópico ou nome geográfico OFERTA
650 ## - ASSUNTO--TERMO TÓPICO
Cabeçalho tópico ou nome geográfico REGIAO CENTRO-SUL
909 ## -
-- 202309
-- Lucia
-- 55
-- Lucia Elande
942 ## - ELEMENTOS DE ENTRADA ADICIONADOS (KOHA)
Tipo de material Koha Livros
Exemplares
Situação do descarte Fonte da classificação ou esquema de arquivamento na estante Situação física Não pode ser emprestado Coleção Biblioteca de origem Biblioteca atual Total de empréstimos Número de telefone completo Código de barras Data de último acesso Número do exemplar Tipo de material Koha Situação das perdas Data de aquisição Fonte de aquisição
  Classificação AGRIS       Biblioteca Nacional de Agricultura - Binagri Biblioteca Nacional de Agricultura - Binagri   E10 BR8206482 E10 BR8206482 25/09/2023 01 Livros   2023-09-25 Portaria Interministerial nº 164/94

BINAGRI

Telefone: (61)3218-2567/2388/3357/2097 - binagri@agro.gov.br

Ministério da Agricultura e Pecuária , Esplanada dos Ministérios, Bloco D, Anexo B, Brasília/DF, CEP: 70.043-900